[Event "Duna Kupa (Nõi Nyílt Bajnokság)"]
[Site "Budapest"]
[Date "2015.09.23"]
[Round "1.23"]
[White "Toth-Katona, Tamas"]
[Black "Terbe, Julianna"]
[Result "0-1"]
[WhiteElo "1979"]
[BlackElo "2233"]
[PlyCount "66"]
[EventDate "2015.09.23"]
[EventType "swiss"]
[EventRounds "9"]
[EventCountry "HUN"]

1. e4 c5 2. Nc3 a6 3. g3 b5 4. Bg2 Bb7 5. d3 e6 6. f4 d5 7. e5 Nc6 8. Nf3 h5 9.
O-O Nh6 10. Ne2 Nf5 11. c3 Qb6 12. Kh1 Be7 13. h3 b4 14. d4 a5 15. dxc5 Bxc5
16. Qe1 Ba6 17. Kh2 Bb5 18. Nfg1 Rd8 19. Bd2 d4 20. Bxc6+ Bxc6 21. cxd4 Nxd4
22. Nxd4 Bxd4 23. Nf3 Bxf3 24. Rxf3 Bxb2 25. Be3 Qc6 26. Rd1 Qxf3 27. Rxd8+
Kxd8 28. Qd2+ Kc8 29. Bb6 Bc3 30. Qd6 Qe2+ 31. Kh1 Qe1+ 32. Bg1 Qe4+ 33. Kh2
Rd8 0-1

[Event "Duna Kupa (Nõi Nyílt Bajnokság)"]
[Site "Budapest"]
[Date "2015.09.24"]
[Round "2.1"]
[White "Aczel, Gergely"]
[Black "Gara, Anita"]
[Result "1/2-1/2"]
[WhiteElo "2494"]
[BlackElo "2307"]
[PlyCount "127"]
[EventDate "2015.09.23"]
[EventType "swiss"]
[EventRounds "9"]
[EventCountry "HUN"]

1. d4 d5 2. c4 e6 3. Nc3 c5 4. cxd5 exd5 5. Nf3 Nc6 6. dxc5 d4 7. Na4 Bxc5 8.
Nxc5 Qa5+ 9. Bd2 Qxc5 10. Rc1 Qb6 11. e3 Nf6 12. Bc4 dxe3 13. Bxe3 Qb4+ 14. Qd2
Qxd2+ 15. Kxd2 O-O 16. Ke2 Re8 17. Rhd1 Be6 18. Bxe6 Rxe6 19. Nd4 Nxd4+ 20.
Rxd4 Re7 21. g4 h6 22. Kf3 Rae8 23. h3 a6 24. b3 Nd7 25. Kg3 Ne5 26. Rcd1 f6
27. Rd5 Rc7 28. Bc5 Rec8 29. b4 a5 30. Rd8+ Rxd8 31. Rxd8+ Kf7 32. a3 Nd7 33.
Be3 Ke7 34. Rg8 Kf7 35. Rd8 Ke7 36. Ra8 axb4 37. axb4 Rc4 38. b5 Rb4 39. b6 Kd6
40. Rg8 g5 41. Rg6 Ke5 42. h4 Nxb6 43. Rxh6 gxh4+ 44. Rxh4 Nd5 45. Ba7 Rb3+ 46.
f3 b5 47. Rh8 b4 48. Bc5 Ke6 49. Rb8 Rb1 50. Bd4 b3 51. f4 Rd1 52. f5+ Kd7 53.
Bb2 Rd3+ 54. Kh4 Kc7 55. Rb5 Kc6 56. Rb8 Kc7 57. Rf8 Rd2 58. Rf7+ Kd6 59. Bxf6
b2 60. Bxb2 Rxb2 61. Kg5 Rg2 62. Rg7 Ne3 63. Kf4 Rxg4+ 64. Rxg4 1/2-1/2

[Event "Duna Kupa (Nõi Nyílt Bajnokság)"]
[Site "Budapest"]
[Date "2015.09.24"]
[Round "2.2"]
[White "Szalanczy, Emil"]
[Black "Czebe, Attila"]
[Result "0-1"]
[WhiteElo "2280"]
[BlackElo "2439"]
[PlyCount "126"]
[EventDate "2015.09.23"]
[EventType "swiss"]
[EventRounds "9"]
[EventCountry "HUN"]

1. e4 g6 2. d4 Bg7 3. Nf3 d6 4. Be2 Nf6 5. Nbd2 O-O 6. O-O c5 7. c3 a6 8. a4
cxd4 9. cxd4 Bg4 10. Re1 Nc6 11. d5 Nb4 12. Qb3 a5 13. Bb5 Nd7 14. Nc4 Nc5 15.
Qd1 Bxf3 16. gxf3 Nbd3 17. Re2 e6 18. Be3 exd5 19. exd5 Qf6 20. Ra3 Nf4 21.
Bxf4 Qxf4 22. Qd2 Qh4 23. Ne3 Bh6 24. Ng2 Qh5 25. f4 Qf5 26. h3 Rfc8 27. Rae3
Bg7 28. Re1 Bf6 29. Rf3 Bg7 30. Ne3 Qe4 31. Qd1 Qb4 32. Re2 Nb3 33. Nc2 Rxc2
34. Rxc2 Nd4 35. Rc7 Qxb2 36. Re3 Nxb5 37. axb5 Qxb5 38. Qb3 Qxb3 39. Rxb3 a4
40. Rbxb7 Bd4 41. Rc2 a3 42. Ra2 Ra4 43. Kg2 Bc5 44. f5 gxf5 45. Kg3 Kg7 46. f3
Kf6 47. h4 h5 48. f4 Be3 49. Kf3 Bxf4 50. Rb3 Bc1 51. Rb6 Ke5 52. Rb7 Bb2 53.
Rxf7 Rxh4 54. Ra7 Rh3+ 55. Kg2 Rd3 56. Rh7 Kxd5 57. Kf2 Kc4 58. Ke2 Rh3 59. Rb7
Kc3 60. Rb5 Kc2 61. Kf2 Kb1 62. Kg2 Kxa2 63. Kxh3 Kb1 0-1

[Event "Duna Kupa (Nõi Nyílt Bajnokság)"]
[Site "Budapest"]
[Date "2015.09.24"]
[Round "2.3"]
[White "Almasi, Istvan"]
[Black "Keschitz, Gyorgy"]
[Result "1-0"]
[WhiteElo "2409"]
[BlackElo "2260"]
[PlyCount "63"]
[EventDate "2015.09.23"]
[EventType "swiss"]
[EventRounds "9"]
[EventCountry "HUN"]

1. d4 Nf6 2. Nf3 d6 3. g3 Nbd7 4. c4 e5 5. Nc3 Be7 6. Bg2 O-O 7. O-O c6 8. Qc2
Re8 9. Rd1 Qc7 10. h3 b6 11. e4 Ba6 12. b3 b5 13. c5 b4 14. cxd6 Bxd6 15. Na4
exd4 16. Nxd4 c5 17. Nf5 Be5 18. Bb2 c4 19. bxc4 Bb5 20. Bxe5 Nxe5 21. Nd6 Bxa4
22. Qxa4 Red8 23. Qxb4 Rab8 24. Qa3 Nxc4 25. Nxc4 Qxc4 26. e5 Ne4 27. Qxa7 Ra8
28. Rxd8+ Rxd8 29. Rb1 g6 30. Qe7 Rc8 31. e6 fxe6 32. Rb7 1-0

[Event "Duna Kupa (Nõi Nyílt Bajnokság)"]
[Site "Budapest"]
[Date "2015.09.24"]
[Round "2.4"]
[White "Vegh, Endre"]
[Black "Kantor, Gergely"]
[Result "1/2-1/2"]
[WhiteElo "2259"]
[BlackElo "2403"]
[PlyCount "97"]
[EventDate "2015.09.23"]
[EventType "swiss"]
[EventRounds "9"]
[EventCountry "HUN"]

1. e4 c5 2. Nf3 e6 3. g3 b6 4. Bg2 Bb7 5. Qe2 d6 6. O-O Nf6 7. d3 g6 8. Nbd2
Bg7 9. c3 O-O 10. Rd1 e5 11. b3 Nc6 12. Bb2 d5 13. exd5 Nxd5 14. Nc4 Re8 15.
Qc2 Rc8 16. Re1 Qd7 17. Rad1 f5 18. Qb1 Rcd8 19. a4 Bf6 20. Re2 Qg7 21. Nfd2
Rd7 22. f4 Red8 23. fxe5 Nxe5 24. d4 cxd4 25. cxd4 Nc6 26. Nf3 Ndb4 27. Red2
Na5 28. Nfe5 Nxc4 29. Nxd7 Nxd2 30. Nxf6+ Qxf6 31. Rxd2 Bxg2 32. Kxg2 Qc6+ 33.
Kg1 Re8 34. Qf1 Qe4 35. Qc4+ Nd5 36. Rf2 Kg7 37. Bc1 Re7 38. Bf4 Nxf4 39. Rxf4
Qe3+ 40. Kg2 g5 41. Rf2 Qe4+ 42. Kg1 Qe1+ 43. Kg2 Qe4+ 44. Kg1 h6 45. Qc8 Qe1+
46. Kg2 Qe4+ 47. Kg1 Rf7 48. Qc3 Kg6 49. Qc4 1/2-1/2

[Event "Duna Kupa (Nõi Nyílt Bajnokság)"]
[Site "Budapest"]
[Date "2015.09.24"]
[Round "2.5"]
[White "Vajda, Szidonia"]
[Black "Halak, Miklos"]
[Result "1-0"]
[WhiteElo "2352"]
[BlackElo "2253"]
[PlyCount "59"]
[EventDate "2015.09.23"]
[EventType "swiss"]
[EventRounds "9"]
[EventCountry "HUN"]

1. e4 e5 2. Nf3 Nc6 3. Bb5 a6 4. Ba4 d6 5. c3 Bd7 6. d4 g6 7. O-O Bg7 8. Re1
Nge7 9. d5 Nb8 10. Bxd7+ Nxd7 11. Be3 O-O 12. c4 h6 13. Nfd2 f5 14. f3 Nc5 15.
Qc2 a5 16. Nc3 Qd7 17. b3 f4 18. Bf2 g5 19. a3 Na6 20. Rab1 Rf6 21. b4 axb4 22.
axb4 Rg6 23. c5 g4 24. c6 bxc6 25. dxc6 Qc8 26. Nd5 Bf8 27. b5 gxf3 28. Nxf3
Qg4 29. Nh4 Nc5 30. Nxg6 1-0

[Event "Duna Kupa (Nõi Nyílt Bajnokság)"]
[Site "Budapest"]
[Date "2015.09.24"]
[Round "2.6"]
[White "Havanecz, Bianka"]
[Black "Reznak, Attila"]
[Result "0-1"]
[WhiteElo "2252"]
[BlackElo "2340"]
[PlyCount "70"]
[EventDate "2015.09.23"]
[EventType "swiss"]
[EventRounds "9"]
[EventCountry "HUN"]

1. d4 Nf6 2. c4 e6 3. Nc3 Bb4 4. Qc2 c5 5. dxc5 Na6 6. Bd2 Nxc5 7. f3 d5 8. e3
O-O 9. a3 Bxc3 10. Bxc3 Bd7 11. Nh3 Ba4 12. Qf2 Rc8 13. Qg3 Bc2 14. Rc1 Bg6 15.
Be2 Nh5 16. Qf2 Nb3 17. Rd1 Bc2 18. O-O Bxd1 19. Rxd1 Re8 20. Bd3 Nc5 21. Bb1
Qe7 22. Qc2 g6 23. Nf2 dxc4 24. Ng4 f6 25. Rd4 Nd3 26. Qa4 Red8 27. Qxa7 e5 28.
Rxd8+ Rxd8 29. Ba2 f5 30. Bxc4+ Kg7 31. Nxe5 Nxe5 32. f4 Rd1+ 33. Kf2 Qh4+ 34.
Ke2 Qg4+ 35. Kf2 Nf6 0-1

[Event "Duna Kupa (Nõi Nyílt Bajnokság)"]
[Site "Budapest"]
[Date "2015.09.24"]
[Round "2.7"]
[White "Hando, Vilmos"]
[Black "Polyik, Peter"]
[Result "1/2-1/2"]
[WhiteElo "2332"]
[BlackElo "2178"]
[PlyCount "77"]
[EventDate "2015.09.23"]
[EventType "swiss"]
[EventRounds "9"]
[EventCountry "HUN"]

1. d4 d5 2. c4 e6 3. Nf3 Nf6 4. Nc3 c6 5. e3 Nbd7 6. b3 Bb4 7. Bd2 O-O 8. Bd3
Bd6 9. O-O Qe7 10. Rc1 e5 11. dxe5 Nxe5 12. Nxe5 Qxe5 13. f4 Qe7 14. cxd5 cxd5
15. Qf3 Bc5 16. Nxd5 Nxd5 17. Qxd5 Rd8 18. Qxc5 Qxc5 19. Rxc5 Rxd3 20. Rf2 Bd7
21. Rc3 Rxc3 22. Bxc3 Bc6 23. Rd2 f5 24. h3 Re8 25. Kf2 Kf7 26. g4 g6 27. Be5
a6 28. Kg3 Re7 29. Kh4 Rd7 30. Bd4 Rd6 31. Kg5 Be4 32. Rd1 Rd5 33. Kh4 fxg4 34.
hxg4 h5 35. Rc1 hxg4 36. Kxg4 Rh5 37. Kg3 Bc6 38. Be5 Rh1 39. Rxh1 1/2-1/2

[Event "Duna Kupa (Nõi Nyílt Bajnokság)"]
[Site "Budapest"]
[Date "2015.09.24"]
[Round "2.8"]
[White "Terbe, Julianna"]
[Black "Rudolf, Anna"]
[Result "1/2-1/2"]
[WhiteElo "2233"]
[BlackElo "2329"]
[PlyCount "152"]
[EventDate "2015.09.23"]
[EventType "swiss"]
[EventRounds "9"]
[EventCountry "HUN"]

1. e4 e6 2. d4 d5 3. Nd2 h6 4. Bd3 c5 5. Ngf3 Nf6 6. exd5 Qxd5 7. dxc5 Bxc5 8.
O-O O-O 9. Qe2 Nc6 10. Ne4 Be7 11. Bf4 Nb4 12. Nxf6+ Bxf6 13. Be4 Qc5 14. c4
Re8 15. a3 Nc6 16. b4 Qe7 17. Rad1 e5 18. Bg3 Bg4 19. Bxc6 bxc6 20. Qe4 Qe6 21.
c5 Bxf3 22. Qxf3 e4 23. Qe3 Rad8 24. f3 Qc4 25. Bd6 Bg5 26. Bf4 Rxd1 27. Rxd1
Bxf4 28. Qxf4 Qe2 29. Qd2 exf3 30. Qxe2 fxe2 31. Re1 Re3 32. Kf2 Rxa3 33. Rxe2
a5 34. Re8+ Kh7 35. Rc8 axb4 36. Rxc6 Rc3 37. Rb6 b3 38. c6 Kg6 39. c7+ Kg5 40.
c8=Q Rxc8 41. Rxb3 f5 42. Rb4 Rc2+ 43. Kg3 f4+ 44. Kf3 Rc3+ 45. Kf2 Kf5 46.
Rb5+ Kg4 47. h3+ Kh4 48. Rf5 g5 49. Rf8 h5 50. Rh8 Ra3 51. Rh7 Rd3 52. Rh8 Re3
53. Rh7 Rg3 54. Rh8 Rb3 55. Rh7 f3 56. gxf3 Rb2+ 57. Kf1 Rh2 58. Kg1 Rxh3 59.
Kg2 Rg3+ 60. Kf2 Rh3 61. Kg2 g4 62. fxg4 Rg3+ 63. Kh2 Rxg4 64. Ra7 Rb4 65. Ra2
Kg4 66. Rg2+ Kf5 67. Rf2+ Kg4 68. Rg2+ Kf3 69. Ra2 Rh4+ 70. Kg1 Rd4 71. Kh2 Rd3
72. Rb2 Rd1 73. Rb3+ Kg4 74. Rb4+ Kf3 75. Rb3+ Kf4 76. Rb4+ Kf3 1/2-1/2

[Event "Duna Kupa (Nõi Nyílt Bajnokság)"]
[Site "Budapest"]
[Date "2015.09.24"]
[Round "2.9"]
[White "Lyell, Mark"]
[Black "Heyl, Thomas"]
[Result "1-0"]
[WhiteElo "2313"]
[BlackElo "1975"]
[PlyCount "89"]
[EventDate "2015.09.23"]
[EventType "swiss"]
[EventRounds "9"]
[EventCountry "HUN"]

1. e4 c5 2. Nf3 e6 3. c3 d5 4. exd5 Qxd5 5. d4 Nf6 6. Na3 Nc6 7. Nb5 Qd8 8. Bf4
Nd5 9. Bg3 a6 10. Na3 cxd4 11. Nxd4 Bxa3 12. Nxc6 bxc6 13. bxa3 Qa5 14. Qd2 O-O
15. c4 Qxd2+ 16. Kxd2 Nf6 17. Bd3 Rd8 18. Kc3 Ra7 19. Rhd1 Rad7 20. f3 Nh5 21.
Bc2 Nxg3 22. hxg3 Rxd1 23. Bxd1 c5 24. Rb1 Kf8 25. Ba4 Ke7 26. Rb8 e5 27. Ra8
Bf5 28. Ra7+ Kf8 29. Bc2 Bxc2 30. Kxc2 Rd4 31. Rxa6 Rxc4+ 32. Kb3 Rc1 33. Rd6
Ke7 34. Rd2 f5 35. a4 c4+ 36. Kb2 Rh1 37. a5 Rh6 38. Kc3 Rc6 39. Rd5 Ke6 40.
Rb5 h5 41. Rb6 Rxb6 42. axb6 Kd6 43. Kxc4 g5 44. Kb5 g4 45. Ka6 1-0

[Event "Duna Kupa (Nõi Nyílt Bajnokság)"]
[Site "Budapest"]
[Date "2015.09.24"]
[Round "2.10"]
[White "Csapo, Zoltan"]
[Black "Madl, Ildiko"]
[Result "0-1"]
[WhiteElo "2005"]
[BlackElo "2366"]
[PlyCount "102"]
[EventDate "2015.09.23"]
[EventType "swiss"]
[EventRounds "9"]
[EventCountry "HUN"]

1. e4 c5 2. Nf3 d6 3. c3 Nf6 4. e5 dxe5 5. Nxe5 Nbd7 6. Nc4 Qc7 7. a4 e6 8.
Nba3 a6 9. Be2 Be7 10. Bf3 O-O 11. O-O Nd5 12. d3 N7f6 13. Re1 b6 14. Ne5 Bb7
15. Bg5 Rad8 16. Bh4 Qc8 17. Nac4 Rfe8 18. Qb3 Ba8 19. Rad1 Qc7 20. Bg3 Qa7 21.
h3 Bf8 22. Ng4 Nd7 23. d4 cxd4 24. Rxd4 Nc5 25. Qd1 Be7 26. a5 b5 27. Bxd5 Bxd5
28. Nb6 Bb3 29. Qf3 Qb7 30. Qe3 f5 31. Ne5 Ne4 32. Ned7 Bd5 33. Rxd5 exd5 34.
f3 Rxd7 35. Nxd7 Qxd7 36. fxe4 dxe4 37. Qb6 Qc8 38. Bf2 Bd8 39. Qa7 Re7 40. Qc5
Qxc5 41. Bxc5 Rd7 42. Bd4 Kf7 43. g4 g6 44. gxf5 gxf5 45. Kg2 Ke6 46. Rd1 f4
47. Kf1 Bf6 48. Ke2 Bxd4 49. cxd4 Kd5 50. Rf1 Rf7 51. Rd1 Rc7 0-1

[Event "Duna Kupa (Nõi Nyílt Bajnokság)"]
[Site "Budapest"]
[Date "2015.09.24"]
[Round "2.11"]
[White "Nemeth, Zoltan"]
[Black "Berta, Sandor"]
[Result "0-1"]
[WhiteElo "2296"]
[BlackElo "2051"]
[PlyCount "100"]
[EventDate "2015.09.23"]
[EventType "swiss"]
[EventRounds "9"]
[EventCountry "HUN"]

1. d4 Nf6 2. Nc3 g6 3. e4 d6 4. f4 Bg7 5. Nf3 c5 6. dxc5 Qa5 7. Bb5+ Bd7 8.
Bxd7+ Nbxd7 9. Bd2 Qxc5 10. Qe2 O-O 11. e5 dxe5 12. fxe5 Ng4 13. e6 Nde5 14.
Nxe5 Qxe5 15. Qxe5 Nxe5 16. exf7+ Rxf7 17. Ke2 Nc4 18. Rab1 Nxd2 19. Kxd2 Rf2+
20. Ne2 Rxg2 21. Rbg1 Rd8+ 22. Ke3 Bh6+ 23. Kf3 Rxg1 24. Rxg1 Rd2 25. Rg4 Rxc2
26. Rb4 b6 27. a4 Kf7 28. b3 Rc5 29. Rd4 Kf6 30. Rd7 Rf5+ 31. Kg3 Re5 32. Nd4
Re3+ 33. Nf3 a5 34. b4 axb4 35. Rb7 Re6 36. Nd4 Rd6 37. Nb5 Rc6 38. Nd4 Rc3+
39. Kg2 Ke5 40. Ne2 Re3 41. Kf2 Ra3 42. Rxe7+ Kd6 43. Rxh7 Be3+ 44. Kf3 Bd2+
45. Kf2 b3 46. Nd4 Be3+ 47. Kxe3 b2+ 48. Kd2 b1=Q 49. Nb5+ Ke5 50. Nxa3 Qb4+
0-1

[Event "Duna Kupa (Nõi Nyílt Bajnokság)"]
[Site "Budapest"]
[Date "2015.09.24"]
[Round "2.12"]
[White "Juhasz, Barbara"]
[Black "Balint, Vilmos"]
[Result "0-1"]
[WhiteElo "2175"]
[BlackElo "2288"]
[PlyCount "156"]
[EventDate "2015.09.23"]
[EventType "swiss"]
[EventRounds "9"]
[EventCountry "HUN"]

1. e4 e5 2. Nf3 Nc6 3. Nc3 Nf6 4. Be2 d5 5. exd5 Nxd5 6. O-O Be7 7. Bb5 f6 8.
d4 Nxc3 9. bxc3 O-O 10. h3 e4 11. Ne1 Be6 12. f3 f5 13. fxe4 fxe4 14. Rxf8+
Qxf8 15. Be3 Qf5 16. Be2 Qf7 17. a4 Na5 18. g4 Rf8 19. Ng2 Bd6 20. Rb1 c6 21.
d5 Bxd5 22. c4 Bxc4 23. Qxd6 Bxe2 24. Bc5 Re8 25. Qd2 Bf3 26. Qxa5 Bxg2 27.
Kxg2 Qf3+ 28. Kh2 b6 29. Bxb6 axb6 30. Qxb6 e3 31. Qb3+ Kh8 32. Qb8 Qf8 33. Qg3
e2 34. Kg2 Qe7 35. Re1 Qe4+ 36. Qf3 Qxc2 37. a5 Qc4 38. Qa3 c5 39. a6 Rf8 40.
Qe3 Qxa6 41. Rxe2 h6 42. Qe6 Qb7+ 43. Qe4 Qf7 44. Rc2 Qf1+ 45. Kg3 Rd8 46. Re2
Qg1+ 47. Kh4 Qd1 48. Re3 Qf1 49. Rf3 Qb5 50. Qe7 Qb6 51. Rf7 Rg8 52. Rf5 c4 53.
Qc5 Qd8+ 54. Kg3 Qb8+ 55. Kg2 Rc8 56. Qe7 c3 57. g5 Re8 58. Qc5 Qb2+ 59. Rf2
Qb7+ 60. Kg3 Qb8+ 61. Kg2 Qc8 62. Qd5 Rd8 63. Qe5 Qc6+ 64. Kh2 Re8 65. Qf5 Qd6+
66. Kg2 Qc6+ 67. Kh2 Qc7+ 68. Kg2 Qb7+ 69. Kh2 Qb8+ 70. Kg2 Rg8 71. gxh6 gxh6+
72. Kf1 Qd6 73. Qc2 Qa6+ 74. Re2 Qa1+ 75. Kf2 Qg1+ 76. Kf3 Qf1+ 77. Ke4 Re8+
78. Kd3 Qf3+ 0-1

[Event "Duna Kupa (Nõi Nyílt Bajnokság)"]
[Site "Budapest"]
[Date "2015.09.24"]
[Round "2.13"]
[White "Piroska, Istvan"]
[Black "Goczo, Melinda"]
[Result "0-1"]
[WhiteElo "2065"]
[BlackElo "2280"]
[PlyCount "60"]
[EventDate "2015.09.23"]
[EventType "swiss"]
[EventRounds "9"]
[EventCountry "HUN"]

1. e4 c5 2. Nf3 d6 3. d4 cxd4 4. Nxd4 Nf6 5. Nc3 a6 6. Bd3 g6 7. O-O Bg7 8. h3
O-O 9. Be3 Nc6 10. a4 Bd7 11. Qd2 Re8 12. Rfd1 Qc7 13. Be2 Na5 14. Bg5 Nc4 15.
Bxc4 Qxc4 16. Bxf6 exf6 17. Nd5 Rad8 18. f3 Qc5 19. b4 Qa7 20. Kh1 Bc6 21. Ne3
f5 22. b5 Bd7 23. Nc4 fxe4 24. Nxd6 e3 25. Qd3 e2 26. Nxe2 Bf5 27. Qc4 Rxd6 28.
Rxd6 Bxa1 29. b6 Qb8 30. Qd5 Be5 0-1

[Event "Duna Kupa (Nõi Nyílt Bajnokság)"]
[Site "Budapest"]
[Date "2015.09.24"]
[Round "2.14"]
[White "Bodi, Tibor"]
[Black "Terbe, Zsuzsanna"]
[Result "0-1"]
[WhiteElo "2261"]
[BlackElo "2087"]
[PlyCount "94"]
[EventDate "2015.09.23"]
[EventType "swiss"]
[EventRounds "9"]
[EventCountry "HUN"]

1. e4 c5 2. Nf3 Nc6 3. d4 cxd4 4. Nxd4 Nf6 5. Nc3 e5 6. Ndb5 d6 7. Bg5 a6 8.
Bxf6 gxf6 9. Na3 f5 10. Qh5 b5 11. O-O-O b4 12. Bc4 Ra7 13. Nab5 axb5 14. Nxb5
Na5 15. Nxa7 Nxc4 16. Nxc8 Qxc8 17. exf5 Qc6 18. Kb1 Qxg2 19. Qh4 Qc6 20. Rhg1
d5 21. Rg3 Be7 22. Qh5 Bf6 23. Rb3 Qc5 24. Qh6 Ke7 25. a3 Rc8 26. axb4 Qxf2 27.
Rxd5 Qe1+ 28. Qc1 Qxc1+ 29. Kxc1 Bg5+ 30. Kd1 Kf6 31. Ke2 Ne3 32. Rc5 Rxc5 33.
bxc5 Nxc2 34. Rb6+ Kxf5 35. c6 Bd8 36. Rb8 Nd4+ 37. Kf1 Bc7 38. Rb7 Ne6 39. b4
Ke4 40. Ra7 Kd5 41. Ra8 e4 42. Rh8 Kxc6 43. Rxh7 f5 44. b5+ Kd6 45. h4 e3 46.
Rf7 Nd4 47. h5 e2+ 0-1

[Event "Duna Kupa (Nõi Nyílt Bajnokság)"]
[Site "Budapest"]
[Date "2015.09.24"]
[Round "2.15"]
[White "Karacsonyi, Gellert"]
[Black "Szente Varga, Fruzsina"]
[Result "1/2-1/2"]
[WhiteElo "2055"]
[BlackElo "2240"]
[PlyCount "66"]
[EventDate "2015.09.23"]
[EventType "swiss"]
[EventRounds "9"]
[EventCountry "HUN"]

1. e4 e5 2. Nf3 Nc6 3. Bb5 a6 4. Bxc6 dxc6 5. O-O f6 6. d4 exd4 7. Nxd4 c5 8.
Nb3 Qxd1 9. Rxd1 Bg4 10. f3 Be6 11. Bf4 c4 12. Nc1 Bc5+ 13. Kf1 Rd8 14. Rxd8+
Kxd8 15. Nc3 Ne7 16. N1e2 Kc8 17. Rd1 Rd8 18. Bg3 b5 19. Rxd8+ Kxd8 20. Nf4 Bf7
21. Ncd5 Nxd5 22. Nxd5 Bxd5 23. exd5 a5 24. Ke2 Kd7 25. b3 cxb3 26. cxb3 c6 27.
dxc6+ Kxc6 28. Kd3 Kd5 29. Bc7 Bb4 30. a3 Bxa3 31. Bxa5 Bd6 32. h3 Ke5 33. Bd2
Kd5 1/2-1/2

[Event "Duna Kupa (Nõi Nyílt Bajnokság)"]
[Site "Budapest"]
[Date "2015.09.24"]
[Round "2.16"]
[White "Szeberenyi, Adam"]
[Black "Kormos, Adam"]
[Result "1-0"]
[WhiteElo "2378"]
[BlackElo "2116"]
[PlyCount "101"]
[EventDate "2015.09.23"]
[EventType "swiss"]
[EventRounds "9"]
[EventCountry "HUN"]

1. d4 g6 2. c4 Bg7 3. Nf3 d6 4. Nc3 Nf6 5. Bg5 h6 6. Bh4 O-O 7. e3 Na6 8. Be2
c5 9. O-O Bf5 10. a3 Qd7 11. h3 cxd4 12. Nxd4 Nc5 13. Nxf5 Qxf5 14. Rb1 Nce4
15. Nxe4 Qxe4 16. Bg3 Qe6 17. Qd3 Ne4 18. Bf4 g5 19. Bh2 Be5 20. f4 Nc5 21. Qd2
Bf6 22. f5 Qd7 23. Bf3 Qa4 24. b4 Nd7 25. Bxb7 Rab8 26. Bf3 Qxa3 27. Rfc1 Ne5
28. Be2 Nc6 29. b5 Ne5 30. Kh1 Nd7 31. Rc2 Qc5 32. Bg1 Be5 33. Bf3 Qc7 34. Bc6
Nf6 35. Ra2 Nh5 36. g4 Ng3+ 37. Kg2 Qxc6+ 38. bxc6 Rxb1 39. Bh2 Nf1 40. Qd3 Rd1
41. Qb3 Bxh2 42. Rf2 d5 43. Rxf1 Rxf1 44. Kxf1 Rc8 45. Qb7 Rc7 46. Qb8+ Kg7 47.
Qb2+ f6 48. Qxh2 Rxc6 49. Qd2 Rxc4 50. Qxd5 Rc7 51. Ke2 1-0

[Event "Duna Kupa (Nõi Nyílt Bajnokság)"]
[Site "Budapest"]
[Date "2015.09.24"]
[Round "2.17"]
[White "Torok, Tamas Titusz"]
[Black "Marosi, Levente"]
[Result "0-1"]
[WhiteElo "2139"]
[BlackElo "2212"]
[PlyCount "170"]
[EventDate "2015.09.23"]
[EventType "swiss"]
[EventRounds "9"]
[EventCountry "HUN"]

1. e4 c5 2. c3 d5 3. exd5 Qxd5 4. d4 Nc6 5. Nf3 Bf5 6. Be3 Nf6 7. Be2 cxd4 8.
cxd4 Bxb1 9. Qxb1 e6 10. O-O Be7 11. a3 O-O 12. h3 Rac8 13. b4 Qd6 14. b5 Nb8
15. Ng5 Nbd7 16. Bf3 Qb8 17. g3 h6 18. Ne4 Nd5 19. Qb3 Rc7 20. Bd2 Rfc8 21.
Rac1 N7b6 22. Be2 Rxc1 23. Rxc1 Rxc1+ 24. Bxc1 Qc8 25. Bd2 Nd7 26. Bc4 N5b6 27.
Bd3 Nf6 28. a4 Qd7 29. a5 Nc8 30. Bc3 Nxe4 31. Bxe4 Bf6 32. Qb4 Nd6 33. Bd3 Nc8
34. Be4 Be7 35. Qb3 Nd6 36. Bd3 Ne8 37. Be4 Nf6 38. Bg2 Nd5 39. Bb2 Bf6 40. Qc4
g6 41. Bc1 Kg7 42. h4 Ne7 43. Ba3 Nd5 44. Bxd5 Qxd5 45. Qc5 Qd7 46. b6 axb6 47.
axb6 Bxd4 48. Qf8+ Kh7 49. Be7 Bg7 50. Qxf7 h5 51. Kh2 Kh8 52. g4 hxg4 53. Kg3
e5 54. h5 gxh5 55. Qxh5+ Kg8 56. Qg5 Kf7 57. Bc5 Qd3+ 58. Be3 Qe4 59. Qh5+ Qg6
60. Qxg6+ Kxg6 61. Kxg4 Kf6 62. f4 exf4 63. Bxf4 Ke6 64. Be3 Kd5 65. Kf5 Be5
66. Bf2 Bd4 67. Bh4 Bxb6 68. Kf4 Bd4 69. Kf3 Kc4 70. Ke2 Kc3 71. Kd1 Be3 72.
Be1+ Kb3 73. Ke2 Bc5 74. Kd3 b5 75. Bc3 Bb4 76. Bf6 Be1 77. Be7 Bc3 78. Bd6 Bb2
79. Be7 Ka2 80. Kd2 Ba3 81. Bf6 b4 82. Kd3 b3 83. Be5 Bb2 84. Bf4 Bf6 85. Bc1
Bg5 0-1

[Event "Duna Kupa (Nõi Nyílt Bajnokság)"]
[Site "Budapest"]
[Date "2015.09.24"]
[Round "2.18"]
[White "Jamrich, Gyorgy"]
[Black "Fodor, Balazs"]
[Result "1-0"]
[WhiteElo "2207"]
[BlackElo "2057"]
[PlyCount "67"]
[EventDate "2015.09.23"]
[EventType "swiss"]
[EventRounds "9"]
[EventCountry "HUN"]

1. e4 e6 2. d4 d5 3. e5 c5 4. c3 Nc6 5. Nf3 cxd4 6. cxd4 Nh6 7. Bd3 Nf5 8. Bxf5
exf5 9. O-O Be7 10. Nc3 Be6 11. a3 O-O 12. b4 Rc8 13. Qd3 g6 14. Bh6 Re8 15.
Rfc1 f6 16. Ne2 fxe5 17. dxe5 a6 18. Nf4 Qd7 19. h4 Kf7 20. Bg5 Bf8 21. Bf6 Bh6
22. Ng5+ Bxg5 23. hxg5 d4 24. Qh3 Kg8 25. Nxg6 d3 26. Nf4 d2 27. Rd1 Nd4 28. g6
Rc7 29. gxh7+ Qxh7 30. Qg3+ Kf7 31. Rxd2 Rec8 32. Rxd4 Rc1+ 33. Rd1 R1c3 34.
Nxe6 1-0

[Event "Duna Kupa (Nõi Nyílt Bajnokság)"]
[Site "Budapest"]
[Date "2015.09.24"]
[Round "2.19"]
[White "Vargyas, Zoltan"]
[Black "Boguszlavszkij, Jevgenyij"]
[Result "0-1"]
[WhiteElo "2094"]
[BlackElo "2204"]
[PlyCount "84"]
[EventDate "2015.09.23"]
[EventType "swiss"]
[EventRounds "9"]
[EventCountry "HUN"]

1. d4 g6 2. c4 Bg7 3. Nc3 Nf6 4. Nf3 d5 5. Bf4 O-O 6. Rc1 c6 7. e3 Qa5 8. Be2
Nbd7 9. O-O dxc4 10. Bxc4 Nb6 11. Bb3 Nbd5 12. Nxd5 Nxd5 13. Bg3 Nf6 14. Ne5
Qd8 15. Qe2 Bf5 16. f3 Bc8 17. Rfd1 Nd7 18. Nc4 Nb6 19. Na5 e6 20. Qd2 Bh6 21.
f4 Nd5 22. Nc4 f5 23. Qe1 Bd7 24. Bh4 Qc7 25. Ne5 Rae8 26. Rd3 Bc8 27. Ba4 Bg7
28. b4 a6 29. h3 Bf6 30. Bxf6 Rxf6 31. Bb3 Qg7 32. Nf3 Ref8 33. a4 h6 34. h4
Bd7 35. Bxd5 exd5 36. Ne5 Be8 37. Rdc3 Re6 38. R1c2 Rff6 39. g4 fxg4 40. b5
cxb5 41. Rc7 Re7 42. Qb4 Rxc7 0-1

[Event "Duna Kupa (Nõi Nyílt Bajnokság)"]
[Site "Budapest"]
[Date "2015.09.24"]
[Round "2.20"]
[White "Erdos, Boglarka"]
[Black "Trajber, Csaba Dr"]
[Result "1-0"]
[WhiteElo "2186"]
[BlackElo "2031"]
[PlyCount "71"]
[EventDate "2015.09.23"]
[EventType "swiss"]
[EventRounds "9"]
[EventCountry "HUN"]

1. Nf3 b5 2. d4 Bb7 3. Bf4 e6 4. e3 a6 5. c4 bxc4 6. Bxc4 d5 7. Bd3 Bd6 8. Qb3
Ra7 9. O-O Nf6 10. Nbd2 O-O 11. Bxd6 Qxd6 12. Rfc1 Nbd7 13. Qc3 Rc8 14. Nb3 Ne4
15. Bxe4 dxe4 16. Nfd2 Bd5 17. Nc5 f5 18. b4 Nf6 19. Nc4 Bxc4 20. Qxc4 Kf7 21.
Nb3 Rb8 22. a3 Nd5 23. Na5 Ne7 24. Qe2 g6 25. Rc5 Qd7 26. Rac1 Rb5 27. Qc4 Rxc5
28. Qxc5 c6 29. Nxc6 Nxc6 30. Qxc6 Qe7 31. Rc5 a5 32. b5 Rd7 33. h3 a4 34. b6
Rd6 35. Qc8 Rd7 36. Rc7 1-0

[Event "Duna Kupa (Nõi Nyílt Bajnokság)"]
[Site "Budapest"]
[Date "2015.09.24"]
[Round "2.21"]
[White "Bodrogi, Mihaly"]
[Black "Laza, Szabolcs"]
[Result "1/2-1/2"]
[WhiteElo "2044"]
[BlackElo "2150"]
[PlyCount "56"]
[EventDate "2015.09.23"]
[EventType "swiss"]
[EventRounds "9"]
[EventCountry "HUN"]

1. d4 d5 2. Nf3 Nf6 3. c4 c6 4. e3 e6 5. Nc3 Bd6 6. g4 Nxg4 7. Rg1 f5 8. h3 Nf6
9. Rxg7 Kf8 10. Rg1 Rg8 11. Rxg8+ Kxg8 12. Ne5 Bd7 13. Qf3 Qe7 14. Qg3+ Qg7 15.
Qxg7+ Kxg7 16. Bd2 Be8 17. Be2 Bh5 18. cxd5 exd5 19. Bxh5 Nxh5 20. Ke2 Bxe5 21.
dxe5 Nd7 22. Rg1+ Kf7 23. Rg5 Ng7 24. f4 Rd8 25. Rg1 Ne6 26. Nd1 Ndc5 27. Nf2
Na4 28. b3 Nb6 {...} 1/2-1/2